The environmental determinants of diversity management: Competition, collaboration and clients (Record no. 513633)

000 -LEADER
fixed length control field 01499nam a2200169 4500
008 - FIXED-LENGTH DATA ELEMENTS--GENERAL INFORMATION
fixed length control field 200316b ||||| |||| 00| 0 eng d
100 ## - MAIN ENTRY--PERSONAL NAME
Personal name McCrea, Austin M.
245 ## - TITLE STATEMENT
Title The environmental determinants of diversity management: Competition, collaboration and clients
260 ## - PUBLICATION, DISTRIBUTION, ETC. (IMPRINT)
Name of publisher, distributor, etc Public Administration
300 ## - PHYSICAL DESCRIPTION
Extent 97(4), 2019: p.942-959.
520 ## - SUMMARY, ETC.
Summary, etc Diversity management has received considerable attention in public management research. Most existing research, however, analyses the effects rather than the determinants of diversity management. Using panel data on American hospitals from 2008 to 2011, we probe how market competition, inter‐organizational collaboration and clientele diversity affect diversity management adoption. We find that all three environmental factors increase diversity management adoption. Hospitals in competitive markets are more likely to adopt diversity management strategies when they engage in extensive service collaboration and serve a diverse population. Monopolies in less collaborative environments lag behind in adopting diversity management, especially when they serve ethnically homogenous populations. Our findings broaden understandings about what drives diversity management practices and add to the literature on the external contingency of managerial practice. - Reproduced.
650 ## - SUBJECT ADDED ENTRY--TOPICAL TERM
Topical term or geographic name as entry element Diversity management
9 (RLIN) 16834
700 ## - ADDED ENTRY--PERSONAL NAME
Personal name Zhu, Ling
9 (RLIN) 16835
773 ## - HOST ITEM ENTRY
Main entry heading Public Administration
906 ## - LOCAL DATA ELEMENT F, LDF (RLIN)
Subject DIP Environment
942 ## - ADDED ENTRY ELEMENTS (KOHA)
Source of classification or shelving scheme
Item type Articles
Holdings
Withdrawn status Lost status Source of classification or shelving scheme Damaged status Not for loan Permanent location Current location Date acquired Serial Enumeration / chronology Barcode Date last seen Koha item type
          Indian Institute of Public Administration Indian Institute of Public Administration 2020-03-16 97(4), 2019: p.942-959. AR122786 2020-03-16 Articles

Powered by Koha